|
|
|
|
| LEADER |
00740nab a2200181 i 4500 |
| 001 |
misc8343 |
| 005 |
20191106143917.0 |
| 008 |
170607s1907 hu o 0|| hun d |
| 022 |
|
|
|a 0025-0260
|
| 040 |
|
|
|a SZTE Miscellanea Repozitórium
|b hun
|
| 041 |
|
|
|a hun
|
| 100 |
1 |
|
|a Dőri Simon Zsigmond
|
| 245 |
1 |
2 |
|a A paedagógiai [pedagógiai] kísérlet értéke
|h [elektronikus dokumentum] :
|b harmadik közlemény /
|c Dőri Simon Zsigmond
|
| 260 |
|
|
|c 1907
|
| 300 |
|
|
|a 541-549
|
| 490 |
0 |
|
|a Magyar pedagógia : a Magyar Tudományos Akadémia Pedagógiai Bizottságának folyóirata
|v 16
|
| 695 |
|
|
|a Kísérleti pedagógia - magyar - 1907, Pedagógiai kísérlet
|
| 856 |
4 |
0 |
|u http://misc.bibl.u-szeged.hu/8343/1/mp_1907_1240_541-549.pdf
|z Dokumentum-elérés
|